1165 1520 1847 1213 1281 1159 1956 1180 1452 1034 1617 1610 1606 1563 1980 1720 1718 1129 1936 1132 1869 1042 1620 1915 1461 1881 1700 1061 1640 1213 1554 1764 1171 1836 1235 1323 1260 1929 1588 1952 1792 1128 1323 1798 1814 1583 1943 1640 1240 1221 1444 1580 1910 1586 1352 1548 1370 1635 1865 1657 1443 1047 1587 1501 1162 1303 1266 1312 1392 1674 1435 1887 1898 1498 1954 1441 1394 1783 1175 1808 1005 1946 1994 1449 1155 1130 1345 1396 1538 1004 1048 1889 1934 1422 1955 1447 1340 1233 1650 BCNSPRNW ULIB Ver.6.0+V

เปลี่ยนเป็นภาษาไทย

Change to English
 แสดงรายละเอียดบรรณานุกรม
  กลับหน้าหลัก

Brief Record : Get Marc (ISO 2709) : E-mail record : QR code < ปิดหน้าต่าง
LEADER : 00000nam 2200000uu 4500
001    13399107664
003     ULIB
008    110114s2539th 000 0 tha d
020    9748430073
020    9789748430072
060 04 QS4^bว724ก 2539
100 0  วิไล ชินธเนศ
245 10 กายวิภาคศาสตร์ของมนุษย์ =^bHuman anatomy /^cวิไล ชินธเนศ,ธันวา ตันสถิตย์ และ มนตกานต์ ตันสถิตย์
246 31 Human anatomy
250    พิมพ์ครั้งที่ 3
260    กรุงเทพฯ :^bเฟื่องฟ้า,^c2539
300    304, [xxi] :^bภาพประกอบ ;^c29 ซม.
650  7 กายวิภาคศาสตร์
700 0  มนตกานต์ ตันสถิตย์
700 0  ธันวา ตันสถิตย์
710 2  จุฬาลงกรณ์มหาวิทยาลัย. ^bคณะแพทยศาสตร์.^bภาควิชากายวิภาคศาสตร์
945    ^p200^l0^i021138
945    ^p200^l0^i021136
945    ^p0^l0^i021137
945    ^p200^l0^i021140
995    เกษร
999 ^a ใช้งานได้ทุกระบบ
รายการนี้ยังไม่มีแท็ก
คุณยังไม่ได้ล็อกอิน คุณสามารถมีกิจกรรมร่วมกับเว็บไซต์ได้ แต่ต้องล็อกอินก่อน ::
  ล็อกอิน

รายการสื่อสารสนเทศ

ลำดับที่ ประเภท เลขเรียก/บาร์โค้ด สถานที่ สถานะ
1. วิทยาศาสตร์การแพทย์ และสุขภาพ
วิทยาศาสตร์การแพทย์ และสุขภาพ
สถานะ=หนังสือเก่า
QS4 ว724ก 2539 ฉ.5 
  Barcode: 021136
ห้องสมุดวิทยาเขตสวรรค์ประชารักษ์
►ส่วนจัดเก็บหนังสือเก่า สปร
บนชั้น
  ขอยืม

รายการใกล้เคียง
    ผู้แต่ง [วิไล ชินธเนศ]

    หัวเรื่อง [กายวิภาคศาสตร์]

BibComment


ยังไม่เคยถูกคอมเมนท์

คอมเมนท์ทรัพยากรรายการนี้
  คอมเมนท์: กายวิภาคศาสตร์ของ..


 Copyright 2026. Bcnsprnw @Library